000 00972pam a2200277 a 4500
999 _c57737
_d57737
001 3505169
005 20201021121505.0
008 950330s1995 ne b 001 0 eng
010 _a 95015376
020 _a9789027216038
040 _aDLC
_cDLC
_dDLC
041 _aeng
043 _an-us---
050 0 0 _aKF8725
_b.E39 1995
080 _a347.9 E-21
100 1 _aEdwards, Alicia Betsy.
_99631
245 1 4 _aThe practice of court interpreting :
_cAlicia Betsy Edwards.
_bVolume 6 /
264 _aAmsterdam :
_bJ. Benjamins Pub. Co.,
_cc1995.
300 _a192 p. ;
_c23 cm.
440 0 _aBenjamins translation library ;
_vv. 6
_99632
504 _aIncludes bibliographical references (p. [161]-163) and index.
650 0 _aCourt interpreting and translating
_zUnited States.
_99633
653 _a სასამართლო ინტერპრეტაციის პრაქტიკა
653 _aსამართალი
942 _2udc
_cBK